| 000 | 00382nam a22001697a 4500 | ||
|---|---|---|---|
| 005 | 20160613153642.0 | ||
| 008 | 160613b xxu||||| |||| 00| 0 eng d | ||
| 020 | _a978-0195-67000-4 | ||
| 041 | _aeng | ||
| 082 | _b7281 | ||
| 100 |
_aSeely John _91808 |
||
| 245 | _aOne Step Ahead Writing Report | ||
| 260 | _bOxford | ||
| 300 | _a117 | ||
| 650 |
_aManagement _9241 |
||
| 942 | _cBK | ||
| 999 |
_c2543 _d2542 |
||